All 100k+ Cities in Africa on a Map - Statistics

General Stats
  • This quiz has been taken 2,611 times
    866 since last reset
  • The average score is 125 of 749
Answers on the Map
Answers color-coded by a green-red scale on the quiz's map according to % correct below.
 
Answer Stats
City Population % Correct
Al-Qāhirah 9,801,536
85%
Al-Iskandariyah 5,362,517
82%
El Djazaïr 2,364,230
82%
Casablanca 3,218,036
81%
Lagos 12,243,111
81%
Ṭarābulus 1,063,571
81%
Kinshasa 14,565,700
80%
Tūnis 599,368
80%
Al-Kharṭūm 1,410,858
78%
Cape Town 433,688
78%
Dakar 3,186,088
78%
Johannesburg 957,441
78%
Dar es Salaam 5,383,728
77%
Luanda 6,759,313
77%
Nairobi 4,397,073
77%
Rabat 515,619
77%
Accra 2,070,463
76%
Adis Abeba 3,860,000
76%
Bama 157,696
76%
Muqdisho 2,330,708
76%
Bamako 4,227,569
75%
Brazzaville 2,138,236
75%
Abuja 883,662
74%
Windhoek 486,169
74%
Yaoundé 1,817,524
74%
Abidjan 4,395,243
73%
Antananarivo 1,274,225
73%
Fès 1,182,963
73%
Freetown 609,174
73%
Kampala 1,797,722
73%
Marrakech 1,014,813
73%
Kano 5,765,401
72%
Lusaka 2,212,301
72%
Maputo 1,080,277
72%
Monrovia 1,021,762
72%
Pretoria 741,651
72%
Conakry 1,660,973
71%
Harar 157,000
71%
Libreville 703,940
71%
Lomé 2,188,376
71%
Niamey 978,029
71%
Nouakchott 1,446,761
71%
Ouagadougou 2,415,266
71%
Bangui 812,407
70%
Durban 595,061
70%
Juba 230,195
70%
Kigali 859,332
70%
Ndjamena 951,418
70%
Tanger 1,275,428
70%
Bissau 387,909
69%
Āsmera 380,568
68%
Mombasa 1,208,333
68%
Djibouti 776,966
67%
Dodoma 765,179
67%
Douala 1,906,962
67%
Oran 803,329
67%
Banghāzī 618,325
66%
Bloemfontein 256,185
66%
Al-Uqṣur 284,952
65%
As-Suways 716,458
65%
Harare 1,491,754
65%
Lilongwe 989,318
65%
Al-Jīzah 4,458,135
64%
Gqeberha 312,392
64%
Ibadan 4,239,711
64%
Porto-Novo 264,320
64%
Benin City 1,677,486
63%
Port Harcourt 1,649,810
63%
Būr Sa'īd 791,749
61%
Gaborone 246,325
61%
Yamoussoukro 212,670
61%
Praia 137,868
59%
Lubumbashi 1,283,380
58%
Agadir 504,768
57%
Kumasi 2,035,064
57%
Ṣafāqis 286,636
57%
Būr Sūdān 394,561
56%
Malabo 132,440
56%
Maseru 343,541
56%
Cotonou 679,012
55%
Bujumbura 497,166
54%
Port-Louis 140,403
54%
Bo 223,075
53%
Aswān 401,890
51%
Hargeysa 1,346,651
51%
Mbuji-Mayi 1,213,726
51%
Zanzibar 709,809
51%
Sūsah 250,540
49%
Pointe-Noire 1,398,812
48%
Constantine 448,028
47%
East London 267,007
46%
Kisangani 682,599
45%
Cabinda 550,000
44%
Goma 249,862
44%
Umm Durmān 1,849,659
44%
Aba 886,175
43%
Blantyre 800,264
42%
Kabinda 126,723
42%
Saint-Louis 254,171
41%
Benguela 555,124
39%
Kaduna 2,280,397
39%
Laâyoune 262,791
39%
Maiduguri 1,489,985
38%
Touba 1,120,824
38%
Walvis Bay 102,704
38%
Mwanza 1,104,521
37%
Saint-Denis 154,765
37%
Arusha 617,631
36%
Kananga 720,362
36%
Man 149,041
36%
Bobo-Dioulasso 904,920
35%
Bulawayo 665,952
35%
Jos 1,143,833
35%
Sokoto 871,056
35%
Enugu 899,932
33%
Ilorin 1,220,249
33%
Onitsha 745,722
33%
Meknès 556,512
32%
Salé 945,101
32%
Soweto 1,271,628
32%
Al-Ghurdaqah 214,247
31%
Al-Kharṭūm Baḥrī 1,012,211
31%
Francistown 103,417
31%
Huambo 595,304
31%
Agadez 110,497
30%
Al-Qāhirah al-Jadīdah 319,488
30%
Bata 132,235
30%
Beira 592,090
30%
Bukavu 471,789
30%
Dire Dawa 343,000
30%
Oyo 854,489
30%
Pietermaritzburg 223,448
30%
Zaria 1,405,123
30%
Miṣrātah 290,316
29%
Nampula 663,212
29%
Oujda 506,224
29%
Dumyāṭ 312,863
28%
Nyālā 492,984
28%
Tamale 371,351
28%
Tétouan 422,757
27%
Thiès 391,253
27%
Warri 790,606
27%
Annaba 342,703
26%
Asyūṭ 562,061
26%
George 114,291
26%
Livingstone 178,361
26%
Lubango 600,751
26%
Ṭubruq 115,503
26%
Al-Fāshir 217,827
25%
Al-Ismā'īliyah 450,388
25%
Al-Manṣūrah 632,330
25%
Barbara 451,189
25%
Kitwe 665,961
25%
Ṭanṭā 597,694
25%
Al-Fayyūm 531,861
24%
Gonder 466,000
24%
Madīnat Sittah Uktūbar 376,302
24%
Matola 1,032,197
24%
Port-Gentil 136,462
24%
Zinder 235,605
24%
Bouaké 536,719
23%
Eldoret 475,716
23%
Nouadhibou 173,525
23%
Qinā 264,498
23%
Wau 118,331
23%
Abeokuta 964,240
21%
Caála 130,000
21%
Katsina 716,390
21%
Ndola 627,503
21%
Safi 323,888
21%
Saint-Paul 105,240
21%
Uyo 120,618
21%
Al-Ubayyiḍ 345,126
20%
Calabar 716,591
20%
Dakhla 165,463
20%
Kisumu 397,957
20%
Madīnat 'Ashirh min-Ramaḍān 263,321
20%
Nakuru 570,674
20%
Polokwane 130,028
20%
Ziguinchor 214,874
20%
Banzart 154,300
19%
Batna 289,504
19%
Blida 331,779
19%
Cape Coast 169,894
19%
Garoua 235,996
19%
Kismaayo 243,043
19%
Mzuzu 221,272
19%
Oshogbo 515,799
19%
Owerri 262,926
19%
Sawhāj 278,425
19%
Tete 307,338
19%
Tlemcen 173,531
19%
Tshikapa 366,503
19%
Bimbo 348,802
18%
Ho 104,532
18%
Kénitra 507,736
18%
Kolwezi 456,446
18%
Mbeya 541,603
18%
Mekele 457,900
18%
Paarl 112,045
18%
Aku 101,491
17%
Al-'Arīsh 204,391
17%
Al-Qayrawān 153,900
17%
Az-Zaqāzīq 460,501
17%
Bahir Dar 350,000
17%
Damanhūr 329,572
17%
Franceville 110,568
17%
Gaalkacyo 501,542
17%
Ife 384,060
17%
Kankan 190,722
17%
Lobito 357,950
17%
Matadi 245,862
17%
Mopti 120,786
17%
Sabhā 121,895
17%
Sétif 252,127
17%
Sikasso 226,618
17%
Xai-Xai 132,884
17%
Adama 456,900
16%
Akure 565,148
16%
Al-Minyā 298,021
16%
Al-Munastīr 107,127
16%
Bamenda 269,530
16%
Banī Suwayf 294,125
16%
Boosaaso 615,067
16%
Djelfa 265,833
16%
El Oued 186,525
16%
Kassalā 298,529
16%
Kayes 126,319
16%
Kikwit 294,210
16%
Likasi 367,219
16%
Maradi 267,249
16%
Maroua 201,371
16%
Marsā Maṭrūḥ 193,293
16%
Nador 158,202
16%
Ogbomosho 1,000,339
16%
Owo 371,483
16%
Parakou 255,478
16%
Pemba 200,529
16%
Qābis 107,634
16%
Rashīd 130,270
16%
Sekondi 228,342
16%
Shubrā al-Khaymah 1,275,700
16%
Takoradi 311,206
16%
Toamasina 325,857
16%
Antsirabe 246,354
15%
Bafoussam 239,287
15%
Bauchi 599,630
15%
Béchar 165,241
15%
Béjaïa 176,139
15%
Boma 171,552
15%
Bunia 230,625
15%
Chlef 155,134
15%
Nzérékoré 195,027
15%
Rustenburg 104,612
15%
San-Pédro 164,944
15%
Tanga 393,429
15%
Antsiranana 129,320
14%
El Jadida 237,464
14%
Gombe 435,081
14%
Ouargla 169,928
14%
Quelimane 246,915
14%
Tambacounda 149,071
14%
Al-Maḥallah al-Kubrā 614,202
13%
Awasa 422,200
13%
Béni Mellal 209,594
13%
Biskra 204,661
13%
Fianarantsoa 191,776
13%
Kaolack 298,904
13%
Malanje 455,000
13%
Mallawī 223,435
13%
Marka 199,872
13%
Mbandaka 262,814
13%
Minna 529,959
13%
Mohammédia 194,358
13%
Morogoro 471,409
13%
Moundou 137,251
13%
Ondo 345,178
13%
Ségou 133,501
13%
Soshanguve 403,162
13%
Tema 139,784
13%
Uvira 235,136
13%
Aryānah 123,079
12%
Chimoio 363,336
12%
Evaton 132,851
12%
Ghardaïa 142,913
12%
Korhogo 243,048
12%
Sidi bel Abbès 210,146
12%
Skikda 182,903
12%
Toliara 168,756
12%
Uíge 322,531
12%
Zomba 105,013
12%
Ado Ekiti 365,168
11%
Berbérati 103,713
11%
Burco 754,464
11%
Butembo 165,333
11%
Chitungwiza 371,246
11%
Garissa 163,399
11%
Kara 158,090
11%
Mascara 108,629
11%
Mostaganem 162,885
11%
Nsukka 152,793
11%
Rundu 118,625
11%
Sokodé 115,442
11%
Ṭahṭā 140,087
11%
Tébessa 194,461
11%
Wad Madanī 289,482
11%
Al-Bayḍā' 105,659
10%
Al-Junaynah 134,264
10%
Baydhabo 546,957
10%
Carnot 129,032
10%
Chingola 256,560
10%
Ikorodu 435,202
10%
Iwo 258,248
10%
Jima 250,900
10%
Jinja 279,184
10%
Kabwe 288,598
10%
Kigoma 232,388
10%
Kishi 180,122
10%
Koudougou 160,239
10%
Kūstī 213,080
10%
Mahajanga 246,022
10%
Makurdi 337,985
10%
Malakal 114,528
10%
Moçâmedes 255,000
10%
Settat 171,556
10%
Tahoua 117,826
10%
Tiaret 178,915
10%
Tizi Ouzou 104,312
10%
Daloa 245,360
9%
Guelmim 126,729
9%
Gulu 233,271
9%
Ise 252,929
9%
Jijel 131,513
9%
Jimeta 330,508
9%
Khouribga 195,931
9%
Lira 245,132
9%
Malindi 119,859
9%
Médéa 145,441
9%
Moshi 221,733
9%
Mtwara 140,793
9%
Nansana 692,478
9%
Ngaoundéré 152,698
9%
Qafṣah 103,400
9%
Saïda 142,497
9%
Tabora 221,466
9%
Taza 150,763
9%
Vacoas-Phoenix 107,433
9%
Abomey-Calavi 117,824
8%
Az-Zāwiyah 141,653
8%
Chipata 188,020
8%
Dese 270,400
8%
Ede 292,610
8%
Gisenyi 149,209
8%
Guelma 120,004
8%
Gweru 159,050
8%
Iseyin 394,878
8%
Kaya 121,970
8%
Kenema 255,110
8%
Kira 459,827
8%
Klerksdorp 186,515
8%
Laghouat 134,372
8%
Larache 133,731
8%
Luena 273,675
8%
M'banza-Kongo 148,000
8%
Mbarara 264,425
8%
Mbour 284,189
8%
Mutare 224,804
8%
Mwene-Ditu 170,786
8%
Okene 650,494
8%
Rufisque 295,459
8%
Ruiru 490,120
8%
Saurimo 393,000
8%
Solwezi 301,370
8%
Songea 286,285
8%
Témara 297,098
8%
Uitenhage 103,639
8%
Umuahia 260,736
8%
Yola 127,820
8%
Aḍ-Ḍu'ayn 137,103
7%
Al-Khuṣūṣ 502,864
7%
Al-Qaḍārif 269,395
7%
Arua 384,656
7%
Aṭbarah 112,021
7%
Banhā 187,469
7%
Benoni 158,777
7%
Bou Saâda 111,787
7%
Damaturu 369,988
7%
El Eulma 145,380
7%
Garoowe 189,103
7%
Gboko 225,928
7%
Gemena 113,879
7%
Gusau 376,447
7%
Ilesha 286,612
7%
Iringa 202,490
7%
Jijiga 198,000
7%
Kasama 179,636
7%
Kawm Umbū 123,066
7%
Kindia 138,695
7%
Kindu 135,534
7%
Kuito 355,423
7%
Kwekwe 119,863
7%
Lafia 189,681
7%
Lichinga 242,204
7%
Louga 113,365
7%
M'Sila 132,975
7%
Relizane 123,255
7%
Sannār 123,158
7%
Souk Ahras 153,479
7%
Soyo 200,920
7%
Thika 251,407
7%
Touggourt 143,270
7%
Zlīṭan 166,350
7%
Abakaliki 263,514
6%
Aït Melloul 210,870
6%
Ajdābiyā 107,564
6%
Al-Khums 126,348
6%
Bandundu 117,197
6%
Berrechid 168,687
6%
Bida 311,618
6%
Bordj Bou Arreridj 158,812
6%
Dolisie 178,172
6%
Gagnoa 160,465
6%
Ijebu Ode 339,823
6%
Ikare 245,423
6%
Inezgane 137,512
6%
Isiro 147,524
6%
Jamaame 100,635
6%
Jirjā 157,754
6%
Kafr ash-Shaykh 198,197
6%
Khémisset 125,834
6%
Khenchela 114,472
6%
Khénifra 123,738
6%
Koforidua 120,971
6%
Ksar El Kébir 124,701
6%
Luanshya 193,293
6%
Mandera 114,718
6%
Mbale 290,414
6%
Menongue 251,178
6%
Mongu 111,450
6%
Mufulira 169,136
6%
Naivasha 198,444
6%
Qalyūb 160,831
6%
Rabak 123,890
6%
Sagamu 348,571
6%
Sandton 222,415
6%
Sumbe 205,832
6%
Yambio 105,881
6%
Ad-Damazīn 136,788
5%
Al-Marsā 101,601
5%
Al-'Ubūr 142,955
5%
Arba Minch 201,000
5%
Banfora 117,452
5%
Bishoftu 207,400
5%
Boorama 297,842
5%
Bukoba 144,938
5%
Centurion 236,580
5%
Debre Markos 140,700
5%
Diourbel 157,554
5%
Epe 117,615
5%
Geita 318,006
5%
Godomey 253,262
5%
Isnā 102,697
5%
Jalingo 160,480
5%
Kamina 115,626
5%
Koidu 196,418
5%
Kolda 103,574
5%
Laascaanood 146,020
5%
Masaka 294,166
5%
Mubi 300,602
5%
N'dalatando 161,584
5%
Nnewi 257,739
5%
Samālūṭ 149,227
5%
Shibīn al-Kawm 277,991
5%
Taourirt 100,402
5%
Abnūb 118,843
4%
Akhmīm 157,938
4%
Al-Fashn 121,675
4%
Asaba 108,186
4%
Awka 222,861
4%
Banī Mazār 121,643
4%
Boksburg 260,321
4%
Botshabelo 181,712
4%
Bouskoura 200,359
4%
Chililabombwe 113,876
4%
Dapaong 117,675
4%
Dar Bouazza 302,970
4%
Debre Birhan 146,900
4%
Divo 105,397
4%
Dundo 177,604
4%
Epworth 206,368
4%
Fort Portal 137,549
4%
Gandajika 120,170
4%
Germiston 255,863
4%
Idkū 183,479
4%
Janzūr 126,025
4%
Kadoma 117,381
4%
Kahama 453,654
4%
Kakamega 107,227
4%
Kikuyu 323,881
4%
Kitale 162,174
4%
Koutiala 141,444
4%
Kumba 144,268
4%
Lucapa 110,000
4%
Maghāghah 124,236
4%
Makindye-Ssabagabo 439,605
4%
Manfalūṭ 125,373
4%
Mpanda 204,338
4%
Musoma 164,172
4%
Nacala Porto 206,449
4%
Nāṣir Būsh 146,917
4%
Nekemte 156,000
4%
Nkongsamba 104,050
4%
Obuasi 143,644
4%
Offa 170,453
4%
Ondjiva 121,537
4%
Ouahigouya 124,587
4%
Rouïba 117,558
4%
Sapele 238,403
4%
Shinyanga 139,727
4%
Siguiri 127,492
4%
Soubré 101,196
4%
Sumbawanga 182,970
4%
Tembisa 463,109
4%
Ṭimā 105,477
4%
Ugep 310,698
4%
Abengourou 100,910
3%
Adigrat 121,800
3%
Aïn Béïda 116,064
3%
Alberton 121,536
3%
Alexandra 179,624
3%
Al-Murūj 120,732
3%
Anyama 103,297
3%
Asela 139,500
3%
Ashaiman 190,972
3%
Bégoua 264,067
3%
Ben Guerir 114,872
3%
Bilbays 198,167
3%
Bilqās 139,369
3%
Birnin Kebbi 169,855
3%
Biu 126,830
3%
Ceerigaabo 367,252
3%
Dcheira El Jihadia 113,041
3%
Dikirnis 102,769
3%
Disūq 152,077
3%
Dubréka 157,017
3%
Effon Alaiye 371,846
3%
El Kelaâ des Sraghna 106,418
3%
Fāqūs 125,112
3%
Funtua 226,734
3%
Gashua 181,788
3%
Gurué 145,466
3%
Hoima 143,304
3%
Ifo 143,372
3%
Igboho 158,394
3%
Ikerre 137,093
3%
Ikirun 157,370
3%
Ikot Ekpene 246,741
3%
Ila Orangun 184,698
3%
Kafr ad-Dawwār 133,130
3%
Kafue 104,174
3%
Kasese 133,629
3%
Kasulu 238,321
3%
Kibaha 265,360
3%
Kisii 112,417
3%
Kontagora 179,259
3%
Krugersdorp 140,643
3%
Lqliâa 107,133
3%
Mansa 170,965
3%
Maxixe 108,824
3%
Mbacké 101,451
3%
Mīt Ghamr 156,319
3%
Mocuba 168,736
3%
Nkayi 104,083
3%
Oron 108,370
3%
Otukpo 185,635
3%
Oulad Teïma 100,284
3%
Phoenix 176,989
3%
Qardho 104,571
3%
Randburg 337,053
3%
Rawād 124,000
3%
Roodepoort 326,416
3%
Sango Otta 282,470
3%
Singida 165,492
3%
Sinnūris 136,825
3%
Skhirat 122,705
3%
Sodo 204,100
3%
Springs 121,610
3%
Suleja 294,335
3%
Tiflet 103,850
3%
Tunduma 219,309
3%
Uromi 161,804
3%
Abū Kabīr 165,246
2%
Abū Tīj 112,077
2%
Afikpo 141,200
2%
Al-Ḥawāmidiyah 158,278
2%
Al-Maṭariyah 164,743
2%
Al-Qūṣiyah 105,891
2%
Ashmūn 129,144
2%
As-Sinbillāwayn 126,088
2%
Azare 200,427
2%
Baardheere 151,207
2%
Bibā 101,946
2%
Buguma 194,352
2%
Bunda 182,970
2%
Daura 129,716
2%
Dayrūṭ 109,051
2%
Debre Tabor 125,300
2%
Dila 158,800
2%
Ejigbo 142,573
2%
eMalahleni 108,673
2%
Gabela 116,903
2%
Gbongan 143,735
2%
Hadejia 172,033
2%
Ihiala 110,617
2%
Ijebu Igbo 177,477
2%
Ikire 229,041
2%
Ikom 122,704
2%
Ilawe Ekiti 243,370
2%
Ilobu 121,670
2%
Jowhar 221,369
2%
Juja 156,041
2%
Keffi 128,060
2%
Kiambu 147,870
2%
Kirdāsah 140,448
2%
Kitengela 154,436
2%
Kombolcha 132,100
2%
Malumfashi 117,177
2%
Mamelodi 334,577
2%
Manéah 167,354
2%
Mazabuka 104,412
2%
Mdantsane 156,835
2%
Mubende 113,298
2%
Mukono 305,945
2%
Ngong 102,323
2%
Nguru 160,386
2%
Njeru 201,484
2%
Okrika 191,287
2%
Ouislane 112,180
2%
Pinetown 144,026
2%
Qoryooley 286,402
2%
Saaba 136,011
2%
Sebeta 102,300
2%
Shaki 206,973
2%
Shashemene 208,400
2%
Shire Inda Silase 100,100
2%
Sīdī Ḥusayn 130,255
2%
Soroti 134,199
2%
Sukrah 153,307
2%
Ṭalkhā 114,737
2%
Weldiya 104,000
2%
Wukari 126,640
2%
Afgooye 265,684
1%
Agulu 104,978
1%
Al-Jamāliyah 101,302
1%
Al-Manzilah 129,519
1%
Al-Qurayn 101,238
1%
Amaigbo 125,358
1%
Amanfrom 119,467
1%
Athlone 237,414
1%
Bariadi 260,927
1%
Beletweeyne 278,118
1%
Bellville 112,507
1%
Bethelsdorp 182,012
1%
Blouberg 106,222
1%
Burayu 101,400
1%
Buuloburte 138,209
1%
Buurhakaba 187,499
1%
Chunga 115,539
1%
Delft 152,030
1%
Diepsloot 138,329
1%
Effium 170,830
1%
Embalenhle 118,889
1%
Ezza Inyimagu 132,449
1%
Gamboru 113,034
1%
Handeni 108,968
1%
Hosaena 188,200
1%
Ibanda 126,088
1%
Ifakara 205,843
1%
Ifon 129,113
1%
Igbo Ora 107,371
1%
Ijero 223,058
1%
Inisa 169,186
1%
Ishieke 176,815
1%
Kafanchan 114,534
1%
Kagoro 110,915
1%
Kajjansi 155,058
1%
Kalulushi 104,046
1%
Karuri 194,342
1%
Kasangati 277,685
1%
Katabi 169,602
1%
Katlehong 407,294
1%
Kaura Namoda 115,661
1%
Kempton Park 171,575
1%
Khayelitsha 391,749
1%
Kraaifontein 154,615
1%
Kyengera 311,112
1%
Lugazi 129,795
1%
Mabopane 110,972
1%
Makambako 116,232
1%
Minūf 130,417
1%
Minyā al-Qamḥ 106,216
1%
Mitchells Plain 310,485
1%
Mityana 126,109
1%
Mlolongo 136,351
1%
Nkpor 137,812
1%
Numan 103,329
1%
Nzega 125,193
1%
Obosi 181,491
1%
Ogaminan 114,499
1%
Okigwi 141,181
1%
Okpoko 223,808
1%
Ongata Rongai 172,569
1%
Parow 119,462
1%
Philippi 200,603
1%
Sangalkam 110,958
1%
Sengerema 110,000
1%
Tarime 133,043
1%
Tivaouane 102,658
1%
Tivaouane Peulh-Niaga 152,043
1%
Ughelli 117,935
1%
Umlazi 404,811
1%
Ziftā 115,774
1%
Chatsworth 196,580
0%
Daveyton 127,967
0%
Edendale 140,891
0%
Empangeni 110,340
0%
Etwatwa 151,866
0%
Galeshewe 107,920
0%
iBhayi 237,799
0%
Inanda 158,619
0%
Ivory Park 184,383
0%
Kagiso 115,802
0%
KwaGuqa 130,920
0%
KwaMashu 175,663
0%
KwaNobuhle 107,474
0%
Kwa-Thema 103,727
0%
Madadeni 119,497
0%
Mangaung 209,262
0%
Modakeke 123,154
0%
Motherwell 140,351
0%
Ntuzuma 125,394
0%
Oka Akoko 104,720
0%
Saulsville 105,208
0%
Sebokeng 218,515
0%
Thabong 126,013
0%
Tokoza 105,827
0%
Tsakane 135,994
0%
Vosloorus 163,216
0%
Winterveld 120,826
0%
No matching quizzes found
Score Distribution
Percent of People with Each Score
Percentile by Number Answered
Your Score History
You have not taken this quiz since the last reset